Statistics for Russian Literature and Writers

Click here to take the quiz!

General Stats

  • This quiz has been taken 330 times
  • The average score is 9 of 17

Answer Stats

Hint Answer % Correct
'War and Peace' authorLev Nikolayevich Tolstoy
97%
Fyodor Dostoyevsky's novel about Rodion Raskolnikov, a student in need of moneyCrime and Punishment
84%
Ivan Alekseyevich Bunin was the first Russian writer to win this prizeNobel Prize for Literature
74%
Count Alexei Vronsky's loverAnna Karenina
66%
Author of 'The Government Inspector' (Ревизор - Revizor)Nikolai Vasilievich Gogol
65%
Dostoyevsky was sent here for being a member of The Petrashevsky CircleSiberia
65%
Author of the book above^Alexander Sergeyevich Pushkin
62%
Dmitri Fyodorovich; Ivan Fyodorovich; Alexei Fyodorovich (+ Pavel Fyodorovich)The Brothers Karamazov
62%
Humbert Humbert's nymphetLolita
58%
What trees are in Madame Lyubov Andreievna Ranevskaya's orchard?Cherry trees
55%
Maxim Gorky's novel 'The Mother' criticizes what regime?Tsarist
50%
Mikhail Bulgakov's novel 'The Master and Margarita' is influenced by what German legend*?Faust
45%
Who did Tatyana Larina write a letter to?Eugene Onegin
42%
Nikolai Chernyshevsky's novel 'What Is To Be Done?' is written in response to this Ivan Turgenev's novelFathers and Sons
40%
Name one sister from Anton Chekhov's play Three Sisters (Три сeстры - Tri sestry)Olga, Maria and Irina
31%
Author of a verse play 'Masquerade' and poems 'Demon' and 'Death of the Poet' which is written in reaction to the death of the person above^Mikhail Lermontov
25%
a traditional Russian oral epic poem or ballad (generally)Bylina
9%

Score Distribution

Percentile by Number Answered

Percent of People with Each Score

Your Score History

You have not taken this quiz